Countries that start with N - Statistics

General Stats
  • This quiz has been taken 63 times
    24 since last reset
  • The average score is 9 of 11
Answer Stats
Continent Answer % Correct
Africa Niger
95%
Africa Nigeria
95%
Europe Netherlands
90%
Oceania New Zealand
90%
North America Nicaragua
90%
Asia North Korea
86%
Europe North Macedonia
86%
Europe Norway
86%
Asia Nepal
81%
Africa Namibia
76%
Oceania Nauru
71%
No matching quizzes found
Score Distribution
Percent of People with Each Score
Percentile by Number Answered
Your Score History
You have not taken this quiz since the last reset